| 000 | 00535nam a2200169 a 4500 | ||
|---|---|---|---|
| 001 | 000042649 | ||
| 005 | 20201002040311.0 | ||
| 008 | 140203s2001 sp ac 000 0 spa d | ||
| 020 | _a8472328643 | ||
| 040 |
_aDO-SdBNP _bspa _cBNPHU |
||
| 082 |
_axxxx _bxxxx |
||
| 245 | 0 | 0 |
_aBelice / _cfotografĂas de Joan Costa ; texto de Manuel Leguineche. |
| 260 |
_a[Madrid?] : _bEdiciones de Cultura Hispánica, _c2001. |
||
| 300 |
_a214 p. : _bil. ; _c32 cm. |
||
| 700 | 1 | 2 |
_aCosta, Joan, _d1968- _969927 |
| 700 | 1 | 2 |
_aLeguineche, Manuel, _d1941- _969928 |
| 999 |
_c42138 _d42138 |
||